00261nam a2200109Ia 4500100002000000654003200020245003200052260003300084082001400117300000800131546001200139 aNangle/ Mathew  aNetwork protocol handbook aNetwork Protocol Handbook bMc Graw HillaNew yorkc1994 a4.62bNAM a521 aENGLISH